UBT Library

Calculus. (Record no. 45000)

000 -LEADER
fixed length control field 00950cam a2200301 a 4500
001 - CONTROL NUMBER
control field 17333593
005 - DATE AND TIME OF LATEST TRANSACTION
control field 20180314080402.0
008 - FIXED-LENGTH DATA ELEMENTS--GENERAL INFORMATION
fixed length control field 120606s2012 nyua b 001 0 eng
010 ## - LIBRARY OF CONGRESS CONTROL NUMBER
LC control number 2012419205
Canceled/invalid LC control number 2010942457
020 ## - INTERNATIONAL STANDARD BOOK NUMBER
International Standard Book Number 9781429208383 (cloth)
020 ## - INTERNATIONAL STANDARD BOOK NUMBER
International Standard Book Number 1429208384 (cloth)
020 ## - INTERNATIONAL STANDARD BOOK NUMBER
International Standard Book Number 9781429231848 (paper)
020 ## - INTERNATIONAL STANDARD BOOK NUMBER
International Standard Book Number 142923184X (paper)
040 ## - CATALOGING SOURCE
Original cataloging agency DLC
Transcribing agency DLC
Modifying agency DLC
041 ## - LANGUAGE CODE
Language code of text/sound track or separate title eng
042 ## - AUTHENTICATION CODE
Authentication code pcc
080 ## - UNIVERSAL DECIMAL CLASSIFICATION NUMBER
Universal Decimal Classification number 51 ROG
082 ## - DEWEY DECIMAL CLASSIFICATION NUMBER
Classification number 51 ROG
100 1# - Rafti
Rafti 37
101 ## - Shkurtesa
Shkurtesa MAT
245 10 - TITLE STATEMENT
Title Calculus.
Name of part/section of a work Early transcendentals /
Statement of responsibility, etc Jon Rogawski.
246 3# - VARYING FORM OF TITLE
Title proper/short title Early transcendentals calculus
504 ## - BIBLIOGRAPHY, ETC. NOTE
Bibliography, etc Includes bibliographical references (p. 117-120, 2nd group) and index.
906 ## - LOCAL DATA ELEMENT F, LDF (RLIN)
a 7
b cbc
c orignew
d 3
e ncip
f 20
g y-gencatlg
942 ## - ADDED ENTRY ELEMENTS (KOHA)
Source of classification or shelving scheme
Item type Books
Holdings
Withdrawn status Lost status Source of classification or shelving scheme Damaged status Not for loan Collection code Permanent location Current location Shelving location Date acquired Total Checkouts Full call number Barcode Date last seen Price effective from Koha item type
          Koleksioni i përgjithshem UBT - Lipjan UBT - Lipjan Koleksioni i përgjithshem 03/14/2018   51 ROG 002-3002136 03/14/2018 03/14/2018 Books
UBT Library © 2015-2024. All rights reserved University Education for Business and Technology